| 000 | 00794nam a22002897a 4500 | ||
|---|---|---|---|
| 003 | OSt | ||
| 005 | 20140412110924.0 | ||
| 008 | 131010t xxu||||| |||| 00| 0 eng d | ||
| 020 | _a0753413108 | ||
| 050 |
_aQ 121 _b.G875 2005 |
||
| 245 | _aThe Grolier Science Encyclopedia / | ||
| 260 |
_aLondon : _bKingfisher Publications Plc, _c2005. |
||
| 300 |
_a492 p. : _bill. col. ; _c28 cm. |
||
| 730 |
_aPlanet Earth _927520 |
||
| 730 |
_aMaterial and Ecology _927521 |
||
| 730 |
_aLight and Energy _927522 |
||
| 730 |
_aForces and Movement _927523 |
||
| 730 |
_aElectricity and Electronics _927524 |
||
| 730 |
_aSpace and Time _927525 |
||
| 942 |
_2lcc _cBK |
||
| 999 |
_c34460 _d34460 |
||